00589 2200217 4500001002100000005001500021035002000036007000300056008004100059020002200100082001000122084001600132100002200148245005900170260004400229300002200273650002200295520003000317990001200347990001200359INLIS00000000000165720180228111754 a0010-0218000252ta180228 g 0 ind  a978-602-02-6401-1 a297.5 a297.5 RAT a0 aRATNA, Dewi Idrus1 aAgar Anak Kita Seperti Nabi Ismail /cRatna Dewi Idrus aJakarta :bElex Media Komputindo,c2015 a136 hlm. ;c21 cm aPENDIDIKAN AKHLAK abibliografi: hlm. 135-136 a16403 a a16403 b